| 000 | 01350pam a2200277 a 4500 | ||
|---|---|---|---|
| 001 | 2523823 | ||
| 003 | OSt | ||
| 005 | 20230427135302.0 | ||
| 008 | 930512s1994 nyua b 001 0 eng | ||
| 010 | _a 93025021 | ||
| 020 | _a0801311519 | ||
| 040 |
_aDLC _cLC _dDLC |
||
| 043 | _an-us--- | ||
| 050 | 0 | 0 | _aP96.T422.U63 |
| 082 | 0 | 0 |
_a302.23/0973 _220 |
| 100 | 1 |
_aDizard, Wilson Jr. _91350 |
|
| 245 | 1 | 0 |
_aOld media/new media: mass communications in the information age. / _cWilson Dizard, Jr. |
| 260 |
_aNew York: _bLongman, _c1993. |
||
| 300 |
_axviii, 215 p. : _bill. ; _c24 cm. |
||
| 504 | _aIncludes bibliographical references (p. 201-206) and index. | ||
| 505 | _aContents: The Evolution of mass communication -- New media technologies: the information machines -- New media technologies: the networks -- New media: the political dimension -- Broadcast television: decline or renewal? -- Cable television: the perils of success -- Hollywood: remodeling the dream factory -- Gutenberg's last stand? -- The Open-ended future -- | ||
| 650 | 0 |
_aMass media _zUnited States _xTechnological innovations. _91351 |
|
| 906 |
_a7 _bcbc _corignew _d1 _eocip _f19 _gy-gencatlg |
||
| 942 |
_2lcc _cBK |
||
| 999 |
_c9562 _d17062 |
||